Key Words of the Gospal (Record no. 20072)

MARC details
000 -LEADER
fixed length control field 00255nam a22001217a 4500
082 ## - DEWEY DECIMAL CLASSIFICATION NUMBER
Classification number 226 BER
100 ## - MAIN ENTRY--AUTHOR NAME
Author name Berkhof, Hedrikus
245 ## - TITLE STATEMENT
Title Key Words of the Gospal
260 ## - PUBLICATION, DISTRIBUTION, ETC. (IMPRINT)
Place of publication London
Name of publisher SCM Press
Year of publication 1964
300 ## - PHYSICAL DESCRIPTION
Number of Pages 126
650 ## - SUBJECT ADDED ENTRY--TOPICAL TERM
Topical Term Gospal
942 ## - ADDED ENTRY ELEMENTS (KOHA)
Koha item type Books
Holdings
Home library Current library Date acquired Source of acquisition Cost, normal purchase price Full call number Accession Number Koha item type
Henry Martyn Institute Library Henry Martyn Institute Library 04/20/2016 Mr Christoff Wildfag 0.00 226 BER 11-3365 Books
                   Copyright © 2026 | Henry Martyn Institute | Hyderabad | TS-500052 | INDIA | Implemented by hmi.edu.in
Hit-Count:

Powered by Koha